Sports Quiz

Random Sports or Soccer Quiz

Premier League Champions by Year Quiz Stats

 Plays Quiz Updated Jul 22, 2018

Score 0/26 Timer 02:00
125 Plays Today
Year Team % Correct
1992-1993Manchester United
91.7%
1993-1994Manchester United
88%
1995-1996Manchester United
82.3%
1996-1997Manchester United
81.6%
1998-1999Manchester United
81.4%
2000-2001Manchester United
81%
1999-2000Manchester United
80.9%
2002-2003Manchester United
80.4%
2001-2002Arsenal
79.3%
2003-2004Arsenal
79.1%
1997-1998Arsenal
78.9%
2004-2005Chelsea
77.5%
2006-2007Manchester United
77%
Year Team % Correct
1994-1995Blackburn Rovers
76.2%
2007-2008Manchester United
75.9%
2005-2006Chelsea
75.8%
2008-2009Manchester United
74.9%
2009-2010Chelsea
72.2%
2010-2011Manchester United
72.1%
2012-2013Manchester United
69.5%
2011-2012Manchester City
69%
2013-2014Manchester City
64.4%
2014-2015Chelsea
61.7%
2015-2016Leicester City
58.8%
2016-2017Chelsea
57.3%
2017-2018Manchester City
57.1%

You're not logged in!

Compare scores with friends on all Sporcle quizzes.
OR
Log In

You Might Also Like...

Show Comments

Extras

Top Quizzes Today


Score Distribution

Your Account Isn't Verified!

In order to create a playlist on Sporcle, you need to verify the email address you used during registration. Go to your Sporcle Settings to finish the process.

Report this User

Report this user for behavior that violates our Community Guidelines.

Details: